00774nam a2200229ua 4500001001300000003000900013005001700022008004100039020001800080040002800098043001200126082002400138100003200162245007200194260013000266300002100396650002200417650002200439650002300461650002500484700003500509C01376502c-2CO-ViMGA20230915233137.0121115s2012 ck a gr 0001pdspa d a9789588794020 aCO-ViMGAbspacCO-ViMGA as-ck---04aCo 861.6 bH37d2191 aHernández, Oscar, d1925-10aDos poetas colombianos / cOscar Hernández, Luis Arturo Restrepo. aMedellín : bSílaba Editores : bMinisterio de Cultura. Plan Nacional de Lectura. Convocatoria Leer es mi cuento, c2012. a113 p ; c20 cm.14aAmorv Poesías.14aAvesv Poesías.14aGatosv Poesías.14aPoesía colombiana.1 aRestrepo, Luis Arturo, d1983-